000 00425nam a2200145Ia 4500
005 20250314061627.0
008 240331s9999 xx 000 0 und d
082 _bILA
_a894
100 _aIlankeeran, S
245 0 _aDhesia ilakkiyamum marabup poraattamum
260 _aMadras
_bAssociation with National Art & Literary Association by South Asia Books
_c1993
300 _a152 p .,
650 _aThesiya Illakiyam
942 _cL
999 _c3992
_d3992